000 00524ntaaa2200205 4500
003 01
005 20251027201921.0
008 0714s1973 ag 01
040 _aAR-BaBN
_bspa
_cAR-BaBN
_eaacr
_dRIC
082 _a244.1200 Si1p
100 _aSiccardi de Díaz, Sara
245 _aPompón
250 _a1 ed.
260 _aChicago :
_bEditorial Moody,
_cc1973
300 _a61 p.
500 _ael salmo 23 en las aventuras de un corderito
650 _aCuentos
_96658
650 _aNiños-Cuentos Bíblicos
942 _cBK
999 _c13882
_d13882